000 00295 a2200121 4500
001 146916
040 _cEscola São Tomás de Aquino
100 _aROCHA, Ruth
240 1 0 _aAs coisas que a gente fala
_lpor
245 1 0 _aAs coisas que a gente fala
697 _a*LITERATURA INFANTO
942 _cBK
999 _c146916
_d146916